000 00550nam a22001937a 4500
003 OSt
005 20170518102854.0
008 170222b xxu||||| |||| 00| 0 eng d
020 _a0131854623
040 _aMMU
_beng
_cMMU
_dMMU
050 _aQA76.9 .S88V345 2006
245 _aEssentials of systems analysis and design /
_cJoseph S. Valacich...[at al.].
250 _a3rd ed.
260 _aToronto:
_bPrentice Hall,
_c2006.
300 _axxvii, 451 p.:
_bill.;
500 _aIncludes index
650 _aDesign
942 _2lcc
_cLOAN LOAN
_e3rd ed.
999 _c23386
_d23386